000
00211nam a22000857a 4500
008
170109b xxu||||| |||| 00| 0 eng d
100
_9
2287
_a
CBSE
245
_a
Sample QP Mathematics-IX
260
_a
New delhi
_b
APC
_c
2011
999
_c
5184
_d
5184